Statistiken für FIFA 2023 Fussball WM der Frauen

Klicken Sie hier um das Quiz zu spielen!

Allgemein

  • Dieses Quiz wurde 163 mal gespielt
  • Das Durchschnittsergebnis liegt bei 26 aus 32

Antwortstatistiken

GroupeeTeam% Korrekt
Gruppe HDeutschland
99%
Gruppe BAustralien
96%
Gruppe ANeuseeland
96%
Gruppe CSpanien
96%
Gruppe HSüdkorea
93%
Gruppe DEngland
92%
Gruppe FFrankreich
92%
Gruppe HMarokko
92%
Gruppe EUSA
92%
Gruppe CJapan
91%
Gruppe ANorwegen
91%
Gruppe GSchweden
91%
Gruppe FBrasilien
89%
Gruppe DChina
89%
Gruppe GItalien
88%
Gruppe HKolumbien
88%
Gruppe ENiederlande
87%
Gruppe BKanada
85%
Gruppe EPortugal
85%
Gruppe ASchweiz
85%
Gruppe GArgentinien
82%
Gruppe DDänemark
79%
Gruppe BIrland
73%
Gruppe GSüdafrika
71%
Gruppe BNigeria
70%
Gruppe CSambia
63%
Gruppe APhilippinen
56%
Gruppe FJamaika
55%
Gruppe CCosta Rica
54%
Gruppe DHaiti
53%
Gruppe FPanama
51%
Gruppe EVietnam
51%

Verteilung der Resultate

Perzentil nach korrekt beantworteten Fragen

Anzahl Personen mit jedem Resultat

Ihre Resultats-Entwicklung

Sie haben dieses Quiz noch nicht gespielt